I 15 corrieri espressi più usati in Italia - Statistics

Statistiche generali
  • Questo quiz è stato fatto 64 volte
  • Il punteggio medio è 5 su 15
Statistiche sulle risposte
Posizione Risposta % Corretto
1 Bartolini (BRT)
89%
2 Poste Italiane (SDA)
87%
4 DHL Express
71%
6 Amazon Logistics
67%
3 GLS
51%
5 UPS
44%
8 FedEx
40%
7 TNT Italy (FedEx)
27%
10 Mail Boxes Etc. (MBE)
13%
11 InPost
11%
12 Fercam
7%
9 Nexive
7%
13 Skynet Worldwide Express
2%
15 HR Parcel
0%
14 Stuart
0%
Nessun quiz corrispondente trovato
Distribuzione punteggi
Percentuale di utenti per punteggio
Percentile per numero di risposta
I tuoi punteggi nel tempo
Non hai fatto questo quiz